00507 2200181 4500001002100000005001500021035002000036245006400056100002100120250001700141300003200158260003500190082001000225084001600235020002200251650003900273500001300312INLIS00000000000102620250428085221 a0010-04250000211 aCara Pembuatan Tahu dan Manfaat Kedelai /cEko Purwaningsih0 aEko Purwaningsih aCetakan ke-1 aiv, 83 hlm :bIlus ;c21 cm aJakarta :bGaneca Exact,c2007 a664.7 a664.7 EKO c a978-979-571-471-2 4apembuatan makanan dari biji-bijian aSeri PKK